<La> méthode value proposition design
Gespeichert in:
| 1. Verfasser: | |
|---|---|
| Format: | Buch |
| Sprache: | Französisch |
| Veröffentlicht: |
Paris
PEARSON
2015
|
| Schriftenreihe: | Strategyzer
|
| Schlagworte: | |
| Tags: |
Keine Tags, Fügen Sie das erste Tag hinzu!
|
MARC
| LEADER | 00000nam a2200000 4500 | ||
|---|---|---|---|
| 001 | 0210116 | ||
| 005 | 20240313133159.0 | ||
| 020 | |a 978-2-7440-6631-3 | ||
| 041 | 0 | |a fre | |
| 044 | |a FR | ||
| 245 | 1 | 0 | |a <La> méthode value proposition design |c ècrit par: Alex Osterwalder ... [et al.] |
| 264 | 1 | |a Paris |b PEARSON |c 2015 | |
| 300 | |a 290 s. | ||
| 490 | 1 | |a Strategyzer | |
| 830 | 0 | |a Strategyzer | |
| 610 | 2 | 0 | |a klienti |
| 610 | 2 | 0 | |a podnik |
| 610 | 2 | 0 | |a politika podnikania |
| 610 | 2 | 0 | |a produkty |
| 610 | 2 | 0 | |a služby |
| 610 | 2 | 0 | |a hodnota |
| 610 | 2 | 0 | |a spokojnosť zákazníkov |
| 610 | 2 | 0 | |a rozhodovanie |
| 610 | 2 | 0 | |a modely ekonomické |
| 610 | 2 | 0 | |a testy |
| 100 | 1 | |a Osterwalder, Alexander | |